banner-ar

تطهير الجنان والاركان عن درن الشرك والكفران / (Record no. 53165)

MARC details
000 -الفاتح
حقل البيانات ثابتة الطول 00558nam a2200169Ia 4500
008 - عناصر البيانات ثابتة الطول - معلومات عامة
حقل البيانات ثابتة الطول 140319s9999 xx 000 0 ara d
040 ## - مصدر الفهرسة
وكالة الفهرسة الأصلية GCL /
وكالة النسخ GCL
082 04 - رقم تصنيف ديوى العشرى
رقم التصنيف 250
رقم المادة ات
100 1# - المدخل الرئيسى - إسم شخصى
الإسم الشخصى احمد بن حجر الشافعى السلفى
245 10 - بيان العنوان
العنوان تطهير الجنان والاركان عن درن الشرك والكفران /
بيان المسئوليه,etc احمد بن حجر الشافعى السلفى
260 ## - PUBLICATION, DISTRIBUTION, ETC. (IMPRINT)
تاريخ النشر أو التوزيع 1990
300 ## - الوصف المادى
التعداد 62 ص
490 ## - بيان السلسلة
عنوان السلسلة
650 04 - المدخل الاضافى بالموضوع-مصطلح موضوعى
مصطلح موضوعي الفقه الاسلامى
942 ## - عناصر المدخل الإضافي( كوها)
مصدر التصنيف او مخطط الترفيف Dewey Decimal Classification
Koha [default] item type كتاب
260 ## - PUBLICATION, DISTRIBUTION, ETC. (IMPRINT)
-- [S.N] :
-- مكتبة زهران ،
Holdings
حالة التراجع حالة الفقد حالة تلف ليس للاعارة المكان المؤقت الموقع الحالى تاريخ الاكتساب اجمالي اﻻعارات رقم الطلب الباركود تاريخ اخر مشاهدة تاريخ تفعيل السعر نوع وعاء كوها مصدر التصنيف او خطة الترفيف
        مكتبة القاهرة الكبرى مكتبة القاهرة الكبرى 03/26/2014   250\ات 127604 03/26/2014 03/26/2014 كتاب  
        مكتبة القاهرة الكبرى مكتبة القاهرة الكبرى 04/27/2019   250\ات 165844 04/27/2019 04/27/2019 كتاب ddc
        مكتبة القاهرة الكبرى مكتبة القاهرة الكبرى 07/13/2019   250\ات 166143 07/13/2019 07/13/2019 كتاب ddc

Powered By

EGPV